Summary of findings and recommendations of the Kentucky Educational commission. (Record no. 21435)

MARC details
000 -LEADER
fixed length control field 00819cam a22002411 4500
001 - CONTROL NUMBER
control field e 35000194
003 - CONTROL NUMBER IDENTIFIER
control field DLC
005 - DATE AND TIME OF LATEST TRANSACTION
control field 20260227111225.0
008 - FIXED-LENGTH DATA ELEMENTS--GENERAL INFORMATION
fixed length control field 790718s1933 kyu 000 0 eng c
010 ## - LIBRARY OF CONGRESS CONTROL NUMBER
LC control number e 35000194
035 ## - SYSTEM CONTROL NUMBER
System control number (OCoLC)5184047
040 ## - CATALOGING SOURCE
Original cataloging agency U.S. Off. of Educ. Library
Transcribing agency OCl
Modifying agency DLC
042 ## - AUTHENTICATION CODE
Authentication code premarc
050 00 - LIBRARY OF CONGRESS CALL NUMBER
Classification number L152
Item number .B35 vol. 1, no. 7
110 1# - MAIN ENTRY--CORPORATE NAME
Corporate name or jurisdiction name as entry element Kentucky.
Subordinate unit Educational Commission (1932)
245 00 - TITLE STATEMENT
Title Summary of findings and recommendations of the Kentucky Educational commission.
260 ## - PUBLICATION, DISTRIBUTION, ETC.
Place of publication, distribution, etc. Frankfort, Ky.,
Name of publisher, distributor, etc. Dept. of education,
Date of publication, distribution, etc. 1933.
300 ## - PHYSICAL DESCRIPTION
Extent 48 p.
Dimensions 23 cm.
490 0# - SERIES STATEMENT
Series statement Kentucky. Dept. of education. Education bulletin,
Volume/sequential designation vol. I, no. 7
500 ## - GENERAL NOTE
General note At head of title: Commonwealth of Kentucky.
650 #0 - SUBJECT ADDED ENTRY--TOPICAL TERM
Topical term or geographic name entry element Education
Geographic subdivision Kentucky.
650 #0 - SUBJECT ADDED ENTRY--TOPICAL TERM
Topical term or geographic name entry element Public schools
Geographic subdivision Kentucky.

No items available.

Powered by Koha